[Event "Senior DM 2012"]
[Site "Randers"]
[Date "2012.02.13"]
[Round "3"]
[White "Davidsen, Niels Chr"]
[Black "Nielsen, Peter"]
[Result "1-0"]
[WhiteElo "2005"]
[BlackElo "1693"]
[PlyCount "65"]
[EventDate "2012.??.??"]

1. e4 c5 2. Nf3 Nc6 3. d4 cxd4 4. Nxd4 g6 5. c4 Bg7 6. Be3 Nf6 7. Nc3 O-O 8.
Be2 d6 9. O-O Bd7 10. Rc1 Nxd4 11. Bxd4 Bc6 12. f3 a5 13. Nd5 Bxd5 14. cxd5 Nd7
15. Bxg7 Kxg7 16. Kh1 Qb6 17. Qd2 Rfc8 18. f4 f6 19. Bg4 Rxc1 20. Rxc1 Nc5 21.
Qe2 a4 22. h4 h5 23. Bf3 Ra5 24. g4 hxg4 25. Bxg4 Rb5 26. Rc2 Rb4 27. Bf3 Qb5
28. Qg2 Kh6 29. f5 gxf5 30. h5 Qe8 31. Qd2+ Kh7 32. Qxb4 fxe4 33. Bxe4+ 1-0

[Event "Senior DM 2012"]
[Site "Randers"]
[Date "2012.02.13"]
[Round "3"]
[White "Andersen, Vagn Skov"]
[Black "Preuss, Flemming"]
[Result "0-1"]
[WhiteElo "1572"]
[BlackElo "1947"]
[PlyCount "68"]
[EventDate "2012.??.??"]

1. d4 f5 2. g4 fxg4 3. h3 d5 4. hxg4 Bxg4 5. Bh3 Qd7 6. Bf4 Nc6 7. Nc3 Nf6 8.
Qd2 e6 9. O-O-O O-O-O 10. f3 Bxh3 11. Nxh3 Bb4 12. Qd3 Bxc3 13. Qxc3 h6 14. Nf2
Qf7 15. Be3 Kb8 16. Kb1 Nd7 17. Nd3 Rhe8 18. f4 Ne7 19. Ne5 Nxe5 20. dxe5 Nf5
21. Bf2 b6 22. a4 c5 23. Qb3 Qc7 24. Rh3 Ka8 25. Qb5 Qd7 26. Qa6 Qb7 27. Qb5 a6
28. Qb3 Rc8 29. Ka1 Red8 30. c3 Qc6 31. Qc2 Kb7 32. e4 dxe4 33. Rxd8 Rxd8 34.
Qb3 Qd5 0-1

[Event "Senior DM 2012"]
[Site "Randers"]
[Date "2012.02.13"]
[Round "3"]
[White "Jacobsen, Erik Holm"]
[Black "Andersson, Finn"]
[Result "0-1"]
[WhiteElo "1931"]
[BlackElo "1522"]
[PlyCount "68"]
[EventDate "2012.??.??"]

1. e4 c5 2. Nf3 Nc6 3. d4 cxd4 4. Nxd4 e5 5. Nb5 a6 6. Nd6+ Bxd6 7. Qxd6 Qf6 8.
Qd2 Qg6 9. Nc3 Nge7 10. b3 d5 11. f3 dxe4 12. Nxe4 Bf5 13. Nd6+ Kf8 14. Nxf5
Nxf5 15. Ba3+ Kg8 16. O-O-O Qf6 17. Bd3 Rd8 18. Bb2 g6 19. f4 Kg7 20. fxe5 Nxe5
21. Qf4 Nd4 22. Qe4 Nec6 23. Rhf1 Qg5+ 24. Kb1 Rhe8 25. Qf3 f6 26. Qh3 Ne5 27.
Bc1 Qg4 28. Qh6+ Kg8 29. Rd2 Nxd3 30. Rxd3 Qxg2 31. Rxf6 Qxc2+ 32. Ka1 Qxd3 33.
Qh4 Qc3+ 34. Kb1 Qc2+ 0-1

[Event "Senior DM 2012"]
[Site "Randers"]
[Date "2012.02.13"]
[Round "3"]
[White "Oe, Oluf"]
[Black "Ottesen, Soren Ruud"]
[Result "1-0"]
[WhiteElo "1902"]
[BlackElo "1518"]
[PlyCount "65"]
[EventDate "2012.??.??"]

1. d4 Nf6 2. c4 e6 3. Nf3 d5 4. Nc3 Bb4 5. e3 O-O 6. Bd2 c5 7. a3 Bxc3 8. Bxc3
cxd4 9. Nxd4 Nc6 10. b4 Nxd4 11. Bxd4 dxc4 12. Bxc4 b6 13. Qf3 Bd7 14. O-O Qe7
15. Rac1 e5 16. Bb2 b5 17. Bd5 Rac8 18. h3 Kh8 19. Bb3 Be6 20. Bxe6 Qxe6 21.
Qb7 Qd7 22. Qxd7 Nxd7 23. Rcd1 Rc7 24. Rd5 f6 25. Rxb5 Rc2 26. Rb7 Rxb2 27.
Rxd7 a5 28. bxa5 Ra2 29. a6 Rxa3 30. a7 Rc3 31. Rb1 Rcc8 32. Rdb7 Ra8 33. Rb8
1-0

[Event "Senior DM 2012"]
[Site "Randers"]
[Date "2012.02.13"]
[Round "3"]
[White "Larsen, Henning"]
[Black "Larsen, Arne Walther"]
[Result "0-1"]
[WhiteElo "1745"]
[BlackElo "1763"]
[PlyCount "108"]
[EventDate "2012.??.??"]

1. e4 g6 2. d4 Bg7 3. Nc3 d6 4. f4 Nc6 5. Be3 Nf6 6. Be2 O-O 7. e5 dxe5 8. fxe5
Nd5 9. Nxd5 Qxd5 10. Nf3 Bf5 11. Qd2 Rad8 12. O-O Na5 13. b3 b6 14. Rad1 Nc6
15. c4 Qe4 16. Ng5 Qc2 17. Qxc2 Bxc2 18. Rd2 Bf5 19. Bf3 Nb4 20. g4 Bc8 21. a3
Na6 22. Ne4 c5 23. dxc5 Rxd2 24. Bxd2 Bxe5 25. cxb6 Bd4+ 26. Kg2 axb6 27. Rd1
f5 28. gxf5 Bxf5 29. Bh6 Bg7 30. Bxg7 Kxg7 31. b4 Rc8 32. Nd2 Nc7 33. c5 bxc5
34. bxc5 Ne6 35. c6 Nd4 36. Rc1 e5 37. Bd5 Ne2 38. Rc5 Nf4+ 39. Kf3 Nxd5 40.
Rxd5 e4+ 41. Nxe4 Rxc6 42. Nc5 Rb6 43. a4 Rb2 44. a5 Rxh2 45. Kf4 Ra2 46. Ke5
h5 47. Kd6 h4 48. Kc7 h3 49. Kb6 Bg4 50. Ne4 h2 51. Ng3 Bf3 52. Rd7+ Kh6 53.
Rd8 Kg5 54. Rh8 Kg4 0-1

[Event "Senior DM 2012"]
[Site "Randers"]
[Date "2012.02.13"]
[Round "3"]
[White "Halberg, Per Gade"]
[Black "Haugaard, Thomas"]
[Result "0-1"]
[WhiteElo "1221"]
[BlackElo "1456"]
[PlyCount "86"]
[EventDate "2012.??.??"]

1. b4 e5 2. Bb2 d6 3. e4 f5 4. exf5 Bxf5 5. Nf3 Qe7 6. Be2 Nf6 7. Nc3 g6 8. h3
Bg7 9. Bc4 Nc6 10. b5 Na5 11. Bd5 Nxd5 12. Nxd5 Qf7 13. Ne3 Bd7 14. a4 O-O 15.
O-O Nc4 16. Nxc4 Qxc4 17. d3 Qf4 18. Bc1 Qf6 19. Bg5 Qf7 20. Rb1 Bxh3 21. Nxe5
Bxe5 22. f4 Bd4+ 23. Kh2 Bd7 24. Qf3 c6 25. Rbe1 Rae8 26. Bh6 Bg7 27. Bxg7 Kxg7
28. g3 Rxe1 29. Rxe1 Re8 30. Rxe8 Qxe8 31. c4 Qe6 32. Kg1 d5 33. cxd5 Qxd5 34.
Qxd5 cxd5 35. d4 Kf6 36. Kf2 Kf5 37. Ke3 Kg4 38. Kf2 Bf5 39. a5 Bd3 40. b6 axb6
41. axb6 Be4 42. Ke3 Kxg3 43. Kd2 h5 0-1

[Event "Senior DM 2012"]
[Site "Randers"]
[Date "2012.02.13"]
[Round "3"]
[White "Thorsen, Evald"]
[Black "Jensen, Ruben"]
[Result "1-0"]
[WhiteElo "1254"]
[BlackElo "1067"]
[PlyCount "33"]
[EventDate "2012.??.??"]

1. e4 e5 2. Nf3 Nc6 3. Bb5 Nf6 4. d3 h6 5. Bxc6 dxc6 6. Nxe5 Qd4 7. Nf3 Bb4+ 8.
c3 Bxc3+ 9. Nxc3 Qc5 10. O-O Qh5 11. e5 Nd5 12. Ne2 Qg6 13. Ned4 c5 14. Nb5 O-O
15. d4 c6 16. Nd6 Bh3 17. Nh4 1-0

[Event "Senior DM 2012"]
[Site "Randers"]
[Date "2012.02.14"]
[Round "4"]
[White "Nielsen, Poul Erik (1948)"]
[Black "Madsen, Svend Aage"]
[Result "1/2-1/2"]
[WhiteElo "1987"]
[BlackElo "2082"]
[PlyCount "128"]
[EventDate "2012.??.??"]

1. Nf3 Nf6 2. g3 b5 3. Bg2 Bb7 4. O-O e6 5. b3 Be7 6. Bb2 O-O 7. c4 bxc4 8.
bxc4 c5 9. Qc2 Nc6 10. a3 h6 11. Nc3 d6 12. e3 Rb8 13. Rab1 Nd7 14. Ne2 Bf6 15.
d4 Na5 16. Nd2 cxd4 17. exd4 Qc7 18. Rfc1 Rfc8 19. Nf4 Bxg2 20. Nxg2 d5 21. c5
Nc6 22. Nf3 Rb5 23. Ne3 g6 24. Ba1 Rcb8 25. Rxb5 Rxb5 26. Qd3 Qb7 27. Nd2 a5
28. Nc2 a4 29. Bc3 e5 30. dxe5 Ncxe5 31. Bxe5 Bxe5 32. Nb4 Rxc5 33. Rxc5 Nxc5
34. Qxd5 Qxd5 35. Nxd5 Kf8 36. Nc4 Bd4 37. Kf1 Ne4 38. f3 Ng5 39. Ke2 h5 40.
Ndb6 Ke7 41. Nxa4 Kd7 42. Nab2 Kc6 43. h4 Ne6 44. Nd3 Kd5 45. Ne3+ Kd6 46. Nc2
Bb6 47. f4 Ng7 48. Ne5 Ke6 49. a4 Nf5 50. Kf3 Nd6 51. Ne3 Bxe3 52. Kxe3 Kd5 53.
Kf3 Kc5 54. g4 Kb4 55. Nd7 Kxa4 56. Nf6 hxg4+ 57. Kxg4 Kb5 58. Kg5 Kc4 59. Ng4
Kd4 60. Ne5 Ke4 61. Nxf7 Nxf7+ 62. Kxg6 Kxf4 63. h5 Kg4 64. Kxf7 Kxh5 1/2-1/2

[Event "Senior DM 2012"]
[Site "Randers"]
[Date "2012.02.14"]
[Round "4"]
[White "Preuss, Flemming"]
[Black "Sorensen, Bent"]
[Result "0-1"]
[WhiteElo "1947"]
[BlackElo "2299"]
[PlyCount "92"]
[EventDate "2012.??.??"]

1. f4 g6 2. Nf3 Bg7 3. d3 d5 4. g3 b6 5. Bg2 Bb7 6. O-O Nd7 7. Nbd2 Ngf6 8. e3
O-O 9. Qe2 Re8 10. Ne5 Nxe5 11. fxe5 Nd7 12. d4 f6 13. exf6 exf6 14. c3 Nf8 15.
Re1 c5 16. Qf2 Re7 17. Nf1 Qd6 18. Bd2 Rae8 19. Qf4 Qd7 20. Rad1 Ne6 21. Qf2
Ng5 22. Kh1 Qa4 23. Bc1 Qxa2 24. Nd2 Qa4 25. h4 Nf7 26. Nf3 Nd6 27. Kh2 Ne4 28.
Qg1 Bh6 29. Bh3 Nd6 30. Bg2 Nf5 31. dxc5 bxc5 32. e4 dxe4 33. Bxh6 Nxh6 34.
Qxc5 e3 35. Rd4 Qc2 36. Qc4+ Kg7 37. Re2 Qf5 38. Rf4 Qa5 39. Qd4 Nf5 40. Qd1
Ba6 41. Re1 e2 42. Qc1 Ne3 43. Nd2 Nxg2 44. Kxg2 Qd5+ 45. Kh2 Bb7 46. Rf2 Re3
0-1

[Event "Senior DM 2012"]
[Site "Randers"]
[Date "2012.02.14"]
[Round "4"]
[White "Andersson, Finn"]
[Black "Grabow, Pouelsten Holm"]
[Result "0-1"]
[WhiteElo "1522"]
[BlackElo "2142"]
[PlyCount "84"]
[EventDate "2012.??.??"]

1. d4 Nf6 2. Nf3 e6 3. c4 b6 4. a3 Ba6 5. Qc2 d5 6. cxd5 exd5 7. g3 Bd6 8. Nc3
O-O 9. Bg2 Nbd7 10. O-O Re8 11. Rd1 c6 12. e4 dxe4 13. Ng5 Bd3 14. Qb3 Qe7 15.
Re1 c5 16. Ncxe4 c4 17. Qc3 Nxe4 18. Bxe4 Bxe4 19. Rxe4 Qf6 20. Qe1 Red8 21.
Qe3 h6 22. Nf3 b5 23. Bd2 Nb6 24. Ba5 Bc7 25. Bxb6 Bxb6 26. Re1 Qd6 27. Re7 Rd7
28. Re8+ Rxe8 29. Qxe8+ Kh7 30. Qe4+ g6 31. h4 Bxd4 32. h5 Bxb2 33. hxg6+ fxg6
34. Qh4 Bf6 35. Qh3 Re7 36. Rxe7+ Qxe7 37. Qg4 Qxa3 38. Qd7+ Qe7 39. Qxb5 c3
40. Qc4 Qb7 41. Qd3 a5 42. Ne1 a4 0-1

[Event "Senior DM 2012"]
[Site "Randers"]
[Date "2012.02.14"]
[Round "4"]
[White "Christiansen, Jens Jorgen"]
[Black "Davidsen, Niels Chr"]
[Result "1/2-1/2"]
[WhiteElo "2086"]
[BlackElo "2005"]
[PlyCount "64"]
[EventDate "2012.??.??"]

1. d4 c5 2. d5 d6 3. e4 e5 4. Nc3 f5 5. Bb5+ Nd7 6. exf5 Ngf6 7. f4 a6 8. Be2
b5 9. Bh5+ Ke7 10. Bf3 b4 11. Ne4 Nxe4 12. Bxe4 Nf6 13. Bf3 exf4 14. Bxf4 Bxf5
15. g4 Bg6 16. g5 Ne8 17. Bg4 Qc7 18. Nf3 Kd8 19. O-O Bf7 20. Re1 Be7 21. Qd3
Rf8 22. Bg3 Qb7 23. Rad1 Bg6 24. Qd2 Bf5 25. Bxf5 Rxf5 26. Kg2 Qd7 27. c4 g6
28. Re4 Ng7 29. Rh4 Nh5 30. Re4 Ng7 31. Rh4 Nh5 32. Re4 Ng7 1/2-1/2

[Event "Senior DM 2012"]
[Site "Randers"]
[Date "2012.02.14"]
[Round "4"]
[White "Andersen, Carl Johan"]
[Black "Oe, Oluf"]
[Result "0-1"]
[WhiteElo "1883"]
[BlackElo "1902"]
[PlyCount "52"]
[EventDate "2012.??.??"]

1. e4 e5 2. Nf3 Nc6 3. Bc4 Be7 4. d4 d6 5. dxe5 Nxe5 6. Nxe5 dxe5 7. Qh5 g6 8.
Qxe5 Nf6 9. Bh6 Rg8 10. Bg5 Kf8 11. Nc3 c6 12. Rd1 Bd7 13. O-O Kg7 14. Qd4 Be6
15. Nd5 cxd5 16. exd5 h6 17. Bh4 Bf5 18. d6 Bf8 19. f4 Rc8 20. h3 h5 21. Rfe1
Rc6 22. g4 hxg4 23. hxg4 Bxg4 24. Re8 Qxd6 25. Qxd6 Bxd6 26. Rxd6 Nxe8 0-1

[Event "Senior DM 2012"]
[Site "Randers"]
[Date "2012.02.14"]
[Round "4"]
[White "Larsen, Arne Walther"]
[Black "Sorensen, Jorn Bach"]
[Result "0-1"]
[WhiteElo "1763"]
[BlackElo "1980"]
[PlyCount "82"]
[EventDate "2012.??.??"]

1. c4 e5 2. g3 Nf6 3. Bg2 d5 4. cxd5 Nxd5 5. Nc3 Nb6 6. Nf3 Nc6 7. a3 a5 8. O-O
Be7 9. d3 O-O 10. Rb1 Be6 11. Be3 f6 12. Na4 Nd5 13. Bc5 b5 14. Bxe7 Qxe7 15.
Nc3 Nxc3 16. bxc3 Qxa3 17. Rxb5 Qxc3 18. Nd2 Na7 19. Ne4 Qa3 20. Rc5 c6 21. Qa1
Qxa1 22. Rxa1 Nb5 23. Rxc6 Nd4 24. Rd6 Rad8 25. e3 Rxd6 26. Nxd6 Nb3 27. Ra3
Rd8 28. Nf5 Rxd3 29. Be4 Rd1+ 30. Kg2 Ra1 31. Rxa1 Nxa1 32. Ne7+ Kf7 33. Nc6 f5
34. Bf3 e4 35. Bd1 Bb3 36. Be2 a4 37. g4 g6 38. gxf5 gxf5 39. Nd4 Kf6 40. Nb5
Nc2 41. f3 a3 0-1

[Event "Senior DM 2012"]
[Site "Randers"]
[Date "2012.02.14"]
[Round "4"]
[White "Ottesen, Soren Ruud"]
[Black "Nielsen, Carl Evald"]
[Result "1/2-1/2"]
[WhiteElo "1518"]
[BlackElo "1775"]
[PlyCount "156"]
[EventDate "2012.??.??"]

1. e4 c5 2. Nf3 d6 3. d4 cxd4 4. Nxd4 Nf6 5. Nc3 g6 6. Be3 Bg7 7. f3 O-O 8. Bc4
Nc6 9. Bb3 Nxd4 10. Bxd4 Be6 11. Qd2 Bxb3 12. cxb3 a6 13. O-O b5 14. Rac1 Qa5
15. Rfd1 b4 16. Na4 Nd7 17. Bxg7 Kxg7 18. a3 Qb5 19. Rc7 bxa3 20. Qd4+ Kg8 21.
Rxd7 Qxd7 22. Nb6 Qb5 23. Nxa8 Rxa8 24. bxa3 Qxb3 25. Qd5 Rb8 26. Qxb3 Rxb3 27.
Ra1 Rb2 28. a4 Kg7 29. Rc1 Ra2 30. Rc7 Rxa4 31. Rxe7 Kf6 32. Ra7 Ra2 33. h4 h5
34. Kh2 Ke6 35. Ra8 a5 36. Re8+ Kd7 37. Ra8 a4 38. Kg3 a3 39. Kf4 Ke6 40. Re8+
Kf6 41. Ra8 Ra1 42. Ra6 Ke7 43. Ra7+ Kf8 44. Kg5 Kg7 45. Kf4 a2 46. Kg5 Kf8 47.
Kf6 Kg8 48. Ra8+ Kh7 49. Kxf7 Rh1 50. Rxa2 Rxh4 51. Ke6 Rf4 52. Kxd6 Kg7 53. e5
Rd4+ 54. Kc5 Rd1 55. Re2 Kf7 56. f4 Ke6 57. g3 Rd3 58. Rg2 Kf5 59. Kc4 Rd1 60.
Re2 Ke6 61. Re3 Rf1 62. Kd4 h4 63. gxh4 Rxf4+ 64. Re4 Rf1 65. Rg4 Kf7 66. Kd5
Rd1+ 67. Rd4 Re1 68. Kd6 Re2 69. Rf4+ Ke8 70. Ke6 Ra2 71. Kf6 Rg2 72. e6 Kf8
73. Ke5+ Ke8 74. Rf7 Rg4 75. Rh7 g5 76. Kf6 Rxh4 77. Rg7 Rf4+ 78. Kxg5 Rf1
1/2-1/2

[Event "Senior DM 2012"]
[Site "Randers"]
[Date "2012.02.14"]
[Round "4"]
[White "Nielsen, Peter"]
[Black "Andersen, Vagn Skov"]
[Result "1-0"]
[WhiteElo "1693"]
[BlackElo "1572"]
[PlyCount "99"]
[EventDate "2012.??.??"]

1. e4 d6 2. d4 Nf6 3. Nc3 g6 4. h3 Bg7 5. Nf3 O-O 6. Bf4 c6 7. Bd3 Re8 8. Qd2
Nh5 9. Be3 e5 10. dxe5 dxe5 11. O-O-O Qc7 12. Ne2 Be6 13. Ng5 b5 14. Nxe6 Rxe6
15. g4 Nf6 16. f3 Nbd7 17. h4 Rd6 18. Qe1 c5 19. Bxb5 Rxd1+ 20. Kxd1 Rd8 21.
Bxd7 Rxd7+ 22. Kc1 Qb6 23. Qc3 Rc7 24. h5 Ne8 25. Ng3 Qf6 26. hxg6 fxg6 27.
Qc4+ Kh8 28. Qf1 Bf8 29. Ne2 Rb7 30. Nc3 Qb6 31. Na4 Qb4 32. b3 Qa3+ 33. Kd2
Qxa2 34. Qc4 Rd7+ 35. Ke2 Qa3 36. Bxc5 Bxc5 37. Qxc5 Qxc5 38. Nxc5 Rc7 39. b4
Nd6 40. Kd3 Nb5 41. c3 Rf7 42. Kc4 Nc7 43. Ra1 Ne8 44. Kd5 Re7 45. g5 Kg8 46.
Rd1 Kf7 47. Kc4 Nc7 48. Rd7 Ne8 49. Rxe7+ Kxe7 50. Kd5 1-0

[Event "Senior DM 2012"]
[Site "Randers"]
[Date "2012.02.14"]
[Round "4"]
[White "Larsen, Henning"]
[Black "Thorsen, Evald"]
[Result "1-0"]
[WhiteElo "1745"]
[BlackElo "1254"]
[PlyCount "45"]
[EventDate "2012.??.??"]

1. e4 e5 2. Nf3 d6 3. d4 exd4 4. Nxd4 Nf6 5. Nc3 Bd7 6. Bg5 Be7 7. Qd2 Nc6 8.
Nxc6 Bxc6 9. f3 a6 10. Bd3 h6 11. Be3 Nd7 12. O-O-O Ne5 13. Be2 f6 14. f4 Nf7
15. Bh5 Rf8 16. Qf2 Rg8 17. Bg6 Kf8 18. e5 Qc8 19. Qg3 dxe5 20. fxe5 Nxe5 21.
Qxe5 Qg4 22. Qxe7+ Kxe7 23. Bc5+ 1-0

[Event "Senior DM 2012"]
[Site "Randers"]
[Date "2012.02.14"]
[Round "4"]
[White "Jensen, Ruben"]
[Black "Halberg, Per Gade"]
[Result "1-0"]
[WhiteElo "1067"]
[BlackElo "1221"]
[PlyCount "81"]
[EventDate "2012.??.??"]

1. e4 d6 2. Nc3 Nf6 3. Nf3 Bg4 4. Be2 c6 5. O-O e5 6. d3 Be7 7. h3 Bd7 8. Nh4
Nxe4 9. Nf3 Nxc3 10. bxc3 O-O 11. Rb1 b5 12. c4 bxc4 13. dxc4 e4 14. Nh2 f5 15.
Rb3 c5 16. Bb2 Qc7 17. Qd5+ Kh8 18. Rg3 Bf6 19. Bxf6 Rxf6 20. Rb1 Bc6 21. Qd2
f4 22. Rg4 f3 23. gxf3 exf3 24. Bd3 h6 25. Qe3 Nd7 26. Rf4 Rxf4 27. Qxf4 Rf8
28. Qe3 Ne5 29. Be4 Nxc4 30. Qd3 Ne5 31. Qe3 Bd7 32. Nxf3 Nxf3+ 33. Bxf3 Bxh3
34. Bd5 Qd8 35. Qxh3 Qg5+ 36. Bg2 Qd2 37. Qg3 Qxc2 38. Rb7 Qd1+ 39. Kh2 Qh5+
40. Kg1 g5 41. Qc3+ 1-0

[Event "Senior DM 2012"]
[Site "Randers"]
[Date "2012.02.15"]
[Round "5"]
[White "Sorensen, Bent"]
[Black "Nielsen, Poul Erik (1948)"]
[Result "1-0"]
[WhiteElo "2299"]
[BlackElo "1987"]
[PlyCount "75"]
[EventDate "2012.??.??"]

1. Nf3 Nf6 2. g3 g6 3. Bg2 Bg7 4. O-O O-O 5. c4 c6 6. d4 d5 7. cxd5 cxd5 8. Ne5
Nc6 9. Nxc6 bxc6 10. Nc3 Nd7 11. Be3 Nb6 12. b3 c5 13. Rc1 cxd4 14. Bxd4 Bxd4
15. Qxd4 e6 16. Rfd1 Bd7 17. e4 dxe4 18. Nxe4 Nd5 19. Rc5 f5 20. Nd6 Nf6 21.
Bxa8 Qxa8 22. Rc7 Qf3 23. Rd3 Qe2 24. Re3 Qxa2 25. Nc4 Be8 26. Rxe6 Nh5 27. Nd6
Qb1+ 28. Kg2 f4 29. f3 fxg3 30. hxg3 Qxb3 31. Re3 Qa2+ 32. Kh3 Qb1 33. Nxe8 Qg1
34. Rg7+ Kh8 35. Rf7+ Kg8 36. Rxf8+ Kxf8 37. Qh8+ Kf7 38. Nd6# 1-0

[Event "Senior DM 2012"]
[Site "Randers"]
[Date "2012.02.15"]
[Round "5"]
[White "Grabow, Pouelsten Holm"]
[Black "Hvenekilde, Jorgen"]
[Result "1/2-1/2"]
[WhiteElo "2142"]
[BlackElo "2029"]
[PlyCount "102"]
[EventDate "2012.??.??"]

1. d4 d6 2. c4 Nd7 3. e4 e5 4. d5 Be7 5. Nc3 Bg5 6. g3 Bxc1 7. Rxc1 Ne7 8. Bg2
a5 9. Nge2 Ng6 10. Qd2 Nc5 11. O-O O-O 12. f4 exf4 13. gxf4 Re8 14. Ng3 Nh4 15.
f5 Nxg2 16. Kxg2 f6 17. Rf4 Re7 18. Nd1 Qe8 19. Nf2 Bd7 20. Qd4 b5 21. cxb5
Bxb5 22. b3 Rb8 23. Rc3 Ba6 24. Rh4 Rb4 25. Qe3 a4 26. bxa4 Rxa4 27. a3 Rc4 28.
Rxc4 Bxc4 29. Qd4 Ba6 30. Rf4 Qb5 31. Rf3 Re8 32. Re3 Rb8 33. Kf3 Qb1 34. Nh5
Nd7 35. Kf4 Rb2 36. Re1 Qc2 37. Ng4 Ne5 38. Ngxf6+ gxf6 39. Qg1+ Ng6+ 40. fxg6
Qxh2+ 41. Qxh2 Rxh2 42. gxh7+ Kxh7 43. Nxf6+ Kg6 44. Ng4 Rc2 45. Re3 Kf7 46. e5
dxe5+ 47. Nxe5+ Ke7 48. Nc6+ Kd6 49. Nb4 Rc4+ 50. Re4 Rxe4+ 51. Kxe4 Bb7
1/2-1/2

[Event "Senior DM 2012"]
[Site "Randers"]
[Date "2012.02.15"]
[Round "5"]
[White "Oe, Oluf"]
[Black "Madsen, Svend Aage"]
[Result "1/2-1/2"]
[WhiteElo "1902"]
[BlackElo "2082"]
[PlyCount "98"]
[EventDate "2012.??.??"]

1. e4 e5 2. f4 exf4 3. Nf3 h6 4. h4 Nf6 5. Nc3 Nc6 6. d4 Bb4 7. Qd3 d5 8. e5
Ne4 9. Bxf4 Bf5 10. Qe3 Qd7 11. Bb5 a6 12. Ba4 b5 13. Bb3 Na5 14. O-O Bxc3 15.
bxc3 Qc6 16. Rac1 Nxc3 17. Qe1 O-O 18. Bd2 b4 19. a3 Nxb3 20. cxb3 a5 21. Bxc3
bxc3 22. Qxc3 Qb6 23. Nd2 Bg6 24. Qc5 Qe6 25. Rf4 f6 26. Qc6 Ra6 27. Qxc7 Kh7
28. Qc3 Qe7 29. Qc5 Qd8 30. exf6 Raxf6 31. Rxf6 Rxf6 32. Re1 Rf4 33. Nf3 Be4
34. Re3 Bxf3 35. Rxf3 Rxh4 36. Rf5 Qe8 37. Re5 Qg6 38. Qxa5 Rxd4 39. Qe1 Qc2
40. Qe2 Qxb3 41. Re3 Qb1+ 42. Kh2 Rh4+ 43. Kg3 Rc4 44. Qd3+ Qxd3 45. Rxd3 Ra4
46. Rxd5 Rxa3+ 47. Kf2 g5 48. g4 Ra4 49. Kf3 Rf4+ 1/2-1/2

[Event "Senior DM 2012"]
[Site "Randers"]
[Date "2012.02.15"]
[Round "5"]
[White "Jorgensen, Jorgen (1945)"]
[Black "Davidsen, Niels Chr"]
[Result "1-0"]
[WhiteElo "2182"]
[BlackElo "2005"]
[PlyCount "141"]
[EventDate "2012.??.??"]

1. Nf3 c5 2. g3 Nc6 3. Bg2 e5 4. d3 d5 5. c3 Be7 6. a3 Nf6 7. b4 Qc7 8. O-O a6
9. bxc5 Bxc5 10. d4 exd4 11. cxd4 Bd6 12. Nc3 h6 13. Na4 b5 14. Nc5 Nxd4 15.
Nxd4 Bxc5 16. Bb2 Be7 17. Rc1 Qd7 18. Nc6 Bb7 19. Na5 Rd8 20. Qd4 Ba8 21. Qb6
Qe6 22. Qxe6 fxe6 23. Rc7 Rd7 24. Rc8+ Rd8 25. Rfc1 Bd6 26. Rxd8+ Kxd8 27. Nc6+
Kd7 28. Ne5+ Bxe5 29. Bxe5 Rc8 30. Rxc8 Kxc8 31. Bh3 Kd7 32. Kf1 Ke7 33. Ke1 a5
34. Kd1 Kf7 35. Kc2 Ne4 36. f3 Nc5 37. Bc7 a4 38. Kc3 Bc6 39. Bd6 Nb7 40. Bc7
Nc5 41. Bd6 Nb3 42. Bb4 Kf6 43. f4 g5 44. e3 e5 45. fxe5+ Kxe5 46. Kd3 Be8 47.
Bc3+ Kd6 48. Bb4+ Kc6 49. Bf5 Bf7 50. g4 h5 51. h3 hxg4 52. hxg4 Nc5+ 53. Kd4
Na6 54. Be7 b4 55. axb4 a3 56. b5+ Kxb5 57. Bxa3 Nb4 58. Ke5 Nc6+ 59. Kd6 Kb6
60. Bd7 Na5 61. Bc5+ Kb7 62. Ke7 Bg8 63. Kf6 Kc7 64. Bf5 d4 65. Bxd4 Nc6 66.
Bc5 Nd8 67. Kxg5 Kc6 68. Ba3 Nf7+ 69. Kf6 Nd8 70. e4 Bb3 71. g5 1-0

[Event "Senior DM 2012"]
[Site "Randers"]
[Date "2012.02.15"]
[Round "5"]
[White "Sorensen, Jorn Bach"]
[Black "Christiansen, Jens Jorgen"]
[Result "1/2-1/2"]
[WhiteElo "1980"]
[BlackElo "2086"]
[PlyCount "44"]
[EventDate "2012.??.??"]

1. Nf3 d5 2. c4 c6 3. cxd5 cxd5 4. d4 Nf6 5. Nc3 Nc6 6. Bf4 Bf5 7. e3 e6 8. Bd3
Bxd3 9. Qxd3 Be7 10. O-O O-O 11. h3 a6 12. a3 Na5 13. Nd2 b5 14. b4 Nc4 15. Nb3
Nd7 16. Nc5 Nxc5 17. bxc5 f6 18. Bg3 Ra7 19. Rfb1 Rb7 20. Rb3 Na5 21. Rb2 Nc4
22. Rb3 Na5 1/2-1/2

[Event "Senior DM 2012"]
[Site "Randers"]
[Date "2012.02.15"]
[Round "5"]
[White "Andersson, Finn"]
[Black "Preuss, Flemming"]
[Result "0-1"]
[WhiteElo "1522"]
[BlackElo "1947"]
[PlyCount "42"]
[EventDate "2012.??.??"]

1. d4 Nf6 2. Nf3 e6 3. c4 Bb4+ 4. Nc3 O-O 5. Bg5 c5 6. e3 h6 7. Bh4 Bxc3+ 8.
bxc3 g5 9. Bg3 Ne4 10. Bd3 d5 11. Bxe4 dxe4 12. Nd2 f5 13. Qh5 Kh7 14. h4 g4
15. Bf4 Qf6 16. Bd6 Rg8 17. Be5 Qe7 18. Bf4 Qf8 19. Bxb8 Rxb8 20. f3 Bd7 21.
Nxe4 Be8 0-1

[Event "Senior DM 2012"]
[Site "Randers"]
[Date "2012.02.15"]
[Round "5"]
[White "Jacobsen, Erik Holm"]
[Black "Nielsen, Peter"]
[Result "1-0"]
[WhiteElo "1931"]
[BlackElo "1693"]
[PlyCount "75"]
[EventDate "2012.??.??"]

1. e4 c5 2. Nf3 Nc6 3. d4 cxd4 4. Nxd4 g6 5. Nxc6 bxc6 6. Qd4 Nf6 7. e5 Nd5 8.
e6 f6 9. exd7+ Bxd7 10. Bc4 Qb6 11. Qd3 Bg7 12. O-O e6 13. Bxd5 cxd5 14. Qa3
Rb8 15. Nc3 Kf7 16. Be3 Qb4 17. Qxa7 Rb7 18. Qa6 Rbb8 19. Rfb1 f5 20. a3 Qb7
21. Qd3 Rhc8 22. Bd2 d4 23. Na2 Bb5 24. Qb3 Qd7 25. Nb4 Ba4 26. Qg3 Rb7 27. c3
Rbc7 28. Bf4 Rb7 29. Be5 dxc3 30. bxc3 Bxe5 31. Qxe5 Rbc7 32. Rc1 Qd2 33. Re1
Re7 34. Rac1 Rc4 35. f3 h5 36. Qh8 f4 37. Qh7+ Kf6 38. Qh6 1-0

[Event "Senior DM 2012"]
[Site "Randers"]
[Date "2012.02.15"]
[Round "5"]
[White "Larsen, Arne Walther"]
[Black "Andersen, Carl Johan"]
[Result "0-1"]
[WhiteElo "1763"]
[BlackElo "1883"]
[PlyCount "119"]
[EventDate "2012.??.??"]

1. Nf3 Nf6 2. c4 c5 3. d4 cxd4 4. Nxd4 Nc6 5. Nc2 g6 6. g3 Bg7 7. Bg2 O-O 8.
Nc3 d6 9. O-O Be6 10. b3 Ng4 11. Bd2 a6 12. Rc1 Rb8 13. Ne3 Qd7 14. Ned5 Nf6
15. e4 Ne5 16. Be3 Nxd5 17. Nxd5 f5 18. Ba7 Rbe8 19. exf5 Bxf5 20. Nb6 Qc7 21.
Qd5+ e6 22. Qd1 Bg4 23. f3 Nxf3+ 24. Bxf3 Rxf3 25. Rxf3 Bxf3 26. Qxf3 Bd4+ 27.
Kh1 Bxb6 28. Bxb6 Qxb6 29. Rf1 Qc7 30. Qf6 Qg7 31. Qxg7+ Kxg7 32. Rd1 Rd8 33.
Kg2 Kf6 34. Rf1+ Ke7 35. Rf4 Rf8 36. Re4 a5 37. a3 h5 38. g4 Kd7 39. h3 b6 40.
Re3 hxg4 41. hxg4 d5 42. Rd3 Kd6 43. Kg3 g5 44. Rd1 Kc5 45. Rc1 d4 46. Re1 Kd6
47. Re4 e5 48. Re1 Rf4 49. Rh1 d3 50. Rh8 e4 51. Rd8+ Kc6 52. Rd5 Rf6 53. b4
axb4 54. axb4 Rd6 55. Rxd6+ Kxd6 56. Kf2 d2 57. Ke2 e3 58. Kd1 Ke5 59. Ke2 Kd4
60. c5 0-1

[Event "Senior DM 2012"]
[Site "Randers"]
[Date "2012.02.15"]
[Round "5"]
[White "Nielsen, Carl Evald"]
[Black "Larsen, Henning"]
[Result "1-0"]
[WhiteElo "1775"]
[BlackElo "1745"]
[PlyCount "119"]
[EventDate "2012.??.??"]

1. e4 c5 2. Nf3 d6 3. d4 cxd4 4. Nxd4 Nf6 5. Nc3 g6 6. Be3 Bg7 7. f3 O-O 8. Bc4
Bd7 9. Qd2 Nc6 10. O-O-O Ne5 11. Bb3 Rc8 12. g4 Nc4 13. Bxc4 Rxc4 14. g5 Nh5
15. Nb3 b5 16. Bd4 Rxd4 17. Nxd4 b4 18. Nd5 a5 19. h4 e6 20. Ne3 Be5 21. Ng2
Qc7 22. Ne2 Bb5 23. Rhe1 Rc8 24. Kb1 Ba4 25. Rc1 Ng3 26. c4 Nxe2 27. Qxe2 Qb6
28. f4 Bc3 29. bxc3 bxc3+ 30. Ka1 c2 31. Rxc2 Bxc2 32. Qxc2 Rb8 33. Rd1 a4 34.
c5 dxc5 35. Rb1 Qc7 36. Rxb8+ Qxb8 37. Qxc5 Qb7 38. Qd4 a3 39. Ne3 Qc6 40. Nc4
Qa4 41. Qd3 Qb5 42. Qd8+ Kg7 43. Nxa3 Qf1+ 44. Nb1 Qxf4 45. Qf6+ Qxf6+ 46.
gxf6+ Kxf6 47. a4 Ke5 48. a5 Kd6 49. Nd2 Kc6 50. Kb1 f5 51. exf5 exf5 52. Kc1
h6 53. Kd1 g5 54. h5 Kb5 55. Nc4 f4 56. Ke2 g4 57. Kf2 g3+ 58. Kf3 Ka6 59. Nd6
Kxa5 60. Nf7 1-0

[Event "Senior DM 2012"]
[Site "Randers"]
[Date "2012.02.15"]
[Round "5"]
[White "Andersen, Vagn Skov"]
[Black "Ottesen, Soren Ruud"]
[Result "1/2-1/2"]
[WhiteElo "1572"]
[BlackElo "1518"]
[PlyCount "36"]
[EventDate "2012.??.??"]

1. c4 e5 2. g3 Nf6 3. Bg2 Bc5 4. e3 a6 5. Ne2 O-O 6. O-O d6 7. a3 c6 8. b4 Ba7
9. Qc2 Bg4 10. Re1 Nbd7 11. Bb2 Bh5 12. Nbc3 Bg6 13. d3 Re8 14. Qd2 Qc7 15.
Rac1 Rad8 16. Ne4 Nxe4 17. dxe4 Nf6 18. Nc3 Qe7 1/2-1/2